[Event "Negambo op 4th"]
[Site "Negambo"]
[Date "2018.08.20"]
[Round "9"]
[White "Dabarera, GWDM"]
[Black "Rabel, Chinthaka"]
[Result "1-0"]
[WhiteElo "1829"]
[BlackElo "1668"]
[PlyCount "91"]
[EventDate "2018.08.16"]
[EventType "swiss"]
[EventRounds "10"]
[EventCountry "SRI"]
[SourceTitle "CBM 186 Extra"]
[Source "ChessBase"]
[SourceDate "2018.08.24"]
[SourceVersion "1"]
[SourceVersionDate "2018.08.24"]
[SourceQuality "1"]

1. e4 e6 2. d4 d5 3. Nc3 Nf6 4. Bg5 Be7 5. e5 Ne4 6. Bxe7 Qxe7 7. Bd3 Qh4 8. Nge2 b6 9. a3 Nxc3 10. Nxc3 Qe7 11. 0-0 0-0 12. Qh5 g6 13. Qh6 f5 14. h4 Qg7 15. Qg5 h6 16. Qg3 Nc6 17. Ne2 g5 18. hxg5 hxg5 19. f4 g4 20. Kf2 Bd7 21. Rac1 Kf7 22. c4 Ne7 23. cxd5 Nxd5 24. Bc4 Ne7 25. Qb3 c6 26. Ng3 Qh6 27. Qe3 Ng6 28. Nxf5 Qxf4+ 29. Qxf4 Nxf4 30. Kg3 Ne2+ 31. Bxe2 exf5 32. Bc4+ Ke7 33. Kf4 Rh8 34. d5 cxd5 35. Bxd5 Rac8 36. Rxc8 Rxc8 37. Rh1 Rc2 38. Rh7+ Kd8 39. e6 Bxe6 40. Bxe6 Rxg2 41. b3 Rf2+ 42. Ke5 g3 43. Bxf5 g2 44. Rg7 Rf3 45. Be6 Re3+ 46. Kd6 1-0

[Event "Negambo op 4th"]
[Site "Negambo"]
[Date "2018.08.18"]
[Round "5"]
[White "Himsara, WA Janidu"]
[Black "Rabel, Chinthaka"]
[Result "1/2-1/2"]
[WhiteElo "1266"]
[BlackElo "1668"]
[PlyCount "73"]
[EventDate "2018.08.16"]
[EventType "swiss"]
[EventRounds "10"]
[EventCountry "SRI"]
[SourceTitle "CBM 186 Extra"]
[Source "ChessBase"]
[SourceDate "2018.08.24"]
[SourceVersion "1"]
[SourceVersionDate "2018.08.24"]
[SourceQuality "1"]

1. e4 e6 2. d4 d5 3. Nc3 Nf6 4. Bg5 Be7 5. e5 Ne4 6. Bxe7 Qxe7 7. Nxe4 dxe4 8. Qg4 Qb4+ 9. c3 Qxb2 10. Rd1 Qxc3+ 11. Rd2 Bd7 12. Ne2 Qa1+ 13. Rd1 Qxa2 14. Qxg7 Rf8 15. g3 Qa5+ 16. Rd2 e3 17. fxe3 Bc6 18. Rg1 Nd7 19. Qg5 f6 20. Qh5+ Rf7 21. Bh3 Nf8 22. Rf1 Ng6 23. Bxe6 Re7 24. Rxf6 Rxe6 25. Rxe6+ Kd7 26. Qf5 Rf8 27. Rf6+ Ke8 28. Qc8+ Ke7 29. Qe6+ Kd8 30. Rxf8+ Nxf8 31. Qf6+ Ke8 32. e6 Ng6 33. Nf4 Qa1+ 34. Kf2 Qh1 35. Qf7+ Kd8 36. Qg8+ Be8 37. Qxh7 1/2-1/2